[Event "Polanica Zdroj op-C 58th"]
[Site "Polanica Zdroj"]
[Date "2022.08.13"]
[Round "1"]
[White "Urban, Marek"]
[Black "Pyka, Roman"]
[Result "0-1"]
[WhiteElo "1545"]
[BlackElo "1881"]
[PlyCount "66"]
[EventDate "2022.08.13"]
[EventType "swiss"]
[EventRounds "9"]
[EventCountry "POL"]
[SourceTitle "CBM 210 Extra"]
[Source "ChessBase"]
[SourceDate "2022.11.30"]
[SourceVersion "1"]
[SourceVersionDate "2022.11.30"]
[SourceQuality "1"]

1. d4 Nf6 2. c4 e5 3. d5 Bc5 4. e3 d6 5. Be2 0-0 6. Nc3 a6 7. Nf3 Bf5 8. Nh4 Bd7 9. Nf3 Bb4 10. 0-0 Bxc3 11. bxc3 b6 12. Qc2 Bg4 13. a4 a5 14. e4 Nbd7 15. Ba3 Ne8 16. h3 Bh5 17. Nh2 Bg6 18. Bd3 Nef6 19. Nf3 Nxe4 20. Bxe4 f5 21. Bxf5 Bxf5 22. Qe2 Qf6 23. Nh2 Qg6 24. Qe3 Bd3 25. Rfd1 Bxc4 26. Rd2 Rf4 27. f3 Raf8 28. Kh1 Nf6 29. Rad1 Bb3 30. Re1 Nxd5 31. Rxd5 Bxd5 32. Bc1 Rxa4 33. Qe2 Bc4 0-1

[Event "Rubinstein Memorial op-D 57th"]
[Site "Polanica Zdroj"]
[Date "2021.08.20"]
[Round "7"]
[White "Pyka, Roman"]
[Black "Pietrzak, Emilia"]
[Result "1-0"]
[WhiteElo "1895"]
[BlackElo "1584"]
[PlyCount "129"]
[EventDate "2021.08.14"]
[EventType "swiss"]
[EventRounds "9"]
[EventCountry "POL"]
[SourceTitle "CBM 204 Extra"]
[Source "ChessBase"]
[SourceDate "2021.11.30"]
[SourceVersion "1"]
[SourceVersionDate "2021.11.30"]
[SourceQuality "1"]

1. Nf3 d5 2. d4 Nf6 3. Bf4 c6 4. e3 e6 5. Bd3 Nh5 6. 0-0 Nxf4 7. exf4 Bd6 8. Qd2 0-0 9. g3 Nd7 10. c3 c5 11. a3 c4 12. Bc2 b5 13. Qe2 Qc7 14. Nbd2 Re8 15. Rfe1 Bb7 16. Nf1 f6 17. Qd2 Re7 18. Re3 Rae8 19. Rae1 e5 20. fxe5 fxe5 21. dxe5 Nxe5 22. Nd4 a6 23. f4 Ng4 24. Rxe7 Rxe7 25. Rxe7 Qxe7 26. Nf5 Bc5+ 27. Nd4 Nf6 28. Qe3 Qxe3+ 29. Nxe3 Ne4 30. Bxe4 dxe4 31. Kf2 Kf7 32. a4 Bxd4 33. cxd4 g6 34. axb5 axb5 35. Ke1 Ke6 36. Kd2 b4 37. Nxc4 Kd5 38. Na5 Ba6 39. Ke3 Bd3 40. Nb7 Kc4 41. Nc5 Bc2 42. g4 Kd5 43. f5 gxf5 44. gxf5 Bd1 45. f6 Bh5 46. Nxe4 h6 47. Ng3 Bg6 48. Nf5 Ke6 49. Nxh6 Kxf6 50. Ng4+ Ke6 51. Ne5 Be8 52. Nd3 b3 53. Nc5+ Kd5 54. Nxb3 Bg6 55. Nc5 Bf5 56. b3 Bh3 57. Nd3 Bf5 58. Nf4+ Kd6 59. Kd2 Kc6 60. h4 Kb5 61. Kc3 Be4 62. h5 Bf5 63. h6 Be4 64. Nd5 Bf5 65. Nf6 1-0

[Event "Rubinstein Memorial op-D 57th"]
[Site "Polanica Zdroj"]
[Date "2021.08.15"]
[Round "2"]
[White "Blasiak, Miroslaw"]
[Black "Pyka, Roman"]
[Result "1/2-1/2"]
[WhiteElo "1612"]
[BlackElo "1895"]
[PlyCount "108"]
[EventDate "2021.08.14"]
[EventType "swiss"]
[EventRounds "9"]
[EventCountry "POL"]
[SourceTitle "CBM 204 Extra"]
[Source "ChessBase"]
[SourceDate "2021.11.30"]
[SourceVersion "1"]
[SourceVersionDate "2021.11.30"]
[SourceQuality "1"]

1. e4 g6 2. d4 Bg7 3. Nc3 d6 4. f4 c6 5. Nf3 Bg4 6. Be3 d5 7. e5 e6 8. h3 Bxf3 9. Qxf3 Ne7 10. 0-0-0 Nd7 11. Bd3 Qa5 12. Kb1 0-0-0 13. g4 f6 14. Bd2 fxe5 15. fxe5 Rdf8 16. Qe3 Qc7 17. b4 Nb6 18. a4 a6 19. a5 Nd7 20. Na4 Kb8 21. Rhf1 Ka7 22. Rxf8 Rxf8 23. Rf1 Qd8 24. Nc5 Nxc5 25. bxc5 Rxf1+ 26. Bxf1 Qf8 27. Be2 Kb8 28. Qb3 Ka8 29. Qb6 Qc8 30. Bg5 Ng8 31. Qd8 Qxd8 32. Bxd8 Kb8 33. g5 Kc8 34. Bf6 Bf8 35. c4 dxc4 36. Bxc4 Kd7 37. Kc2 Ne7 38. Bxe7 Kxe7 39. Be2 Kf7 40. Kc3 h6 41. gxh6 Bxh6 42. Bf3 Bf4 43. Bg4 Bg3 44. Kd2 Bf2 45. Kd3 Be1 46. Kc4 Bxa5 47. Bf3 Be1 48. Bd1 a5 49. Kb3 a4+ 50. Kc4 a3 51. Bb3 Bh4 52. Kd3 Bd8 53. Ke4 b6 54. cxb6 Bxb6 1/2-1/2

[Event "Polanica Zdroj op-D 56th"]
[Site "Polanica Zdroj"]
[Date "2020.08.20"]
[Round "6"]
[White "Pyka, Roman"]
[Black "Bienkowski, Zbigniew"]
[Result "1-0"]
[WhiteElo "1873"]
[BlackElo "1739"]
[PlyCount "47"]
[EventDate "2020.08.15"]
[EventType "swiss"]
[EventRounds "9"]
[EventCountry "POL"]
[SourceTitle "CBM 198 Extra"]
[Source "ChessBase"]
[SourceDate "2020.11.30"]
[SourceVersion "1"]
[SourceVersionDate "2020.11.30"]
[SourceQuality "1"]

1. d4 f5 2. e4 d6 3. exf5 Bxf5 4. Bd3 Qd7 5. Nf3 Nc6 6. 0-0 Nf6 7. Re1 Bg4 8. c3 0-0-0 9. h3 Bh5 10. Qc2 g6 11. Nh2 e5 12. g4 Nxg4 13. hxg4 Bxg4 14. Bb5 Bf5 15. Qa4 exd4 16. Bxc6 bxc6 17. Qxa7 Qf7 18. Bg5 Kd7 19. Bxd8 Kxd8 20. cxd4 Qf6 21. Qa8+ Bc8 22. Qxc6 Bh6 23. Nc3 Bf4 24. Qxc7+ 1-0

[Event "Rubinstein Memorial-C 55th"]
[Site "Polanica Zdroj"]
[Date "2019.08.24"]
[Round "8"]
[White "Witkowski, Krzysztof"]
[Black "Pyka, Roman"]
[Result "1/2-1/2"]
[WhiteElo "1707"]
[BlackElo "1860"]
[PlyCount "55"]
[EventDate "2019.08.17"]
[EventType "swiss"]
[EventRounds "9"]
[EventCountry "POL"]
[SourceTitle "EXT 2020"]
[Source "ChessBase"]
[SourceDate "2019.10.17"]
[SourceVersion "1"]
[SourceVersionDate "2019.10.17"]
[SourceQuality "1"]

1. e4 d5 2. exd5 Qxd5 3. Nc3 Qd6 4. d4 Nf6 5. g3 Bg4 6. Be2 Bxe2 7. Ngxe2 c6 8. Bf4 Qd8 9. Qd3 e6 10. Ne4 Nxe4 11. Qxe4 Nd7 12. 0-0 Be7 13. c4 0-0 14. Rfd1 Re8 15. Nc3 Qa5 16. d5 exd5 17. cxd5 Nf6 18. Qf3 cxd5 19. Nxd5 Nxd5 20. Rxd5 Qb6 21. Rd7 Qxb2 22. Rad1 Qxa2 23. Rxb7 Bf6 24. Be3 Red8 25. Rc1 Rac8 26. Rxc8 Rxc8 27. Rxa7 Qe6 28. Ra8 1/2-1/2

[Event "POL-chT3 Dolnoslaskie 1718"]
[Site "Poland"]
[Date "2018.02.18"]
[Round "8.21"]
[White "Komendecki, Jacek"]
[Black "Pyka, Roman"]
[Result "1/2-1/2"]
[WhiteElo "2111"]
[BlackElo "1957"]
[PlyCount "119"]
[EventDate "2017.10.08"]
[EventType "team-tourn"]
[EventRounds "11"]
[EventCountry "POL"]
[SourceTitle "EXT 2019"]
[Source "ChessBase"]
[SourceDate "2018.10.10"]
[SourceVersion "1"]
[SourceVersionDate "2018.10.10"]
[SourceQuality "1"]

1. d4 e6 2. Nf3 d5 3. c4 Nf6 4. Nc3 Nbd7 5. e3 c6 6. a3 Be7 7. Bd3 dxc4 8. Bxc4 b5 9. Bd3 a6 10. 0-0 c5 11. dxc5 Nxc5 12. Bc2 Qxd1 13. Rxd1 Bb7 14. b4 Nce4 15. Nxe4 Bxe4 16. Bxe4 Nxe4 17. Bb2 Bf6 18. Bxf6 Nxf6 19. Rac1 0-0 20. Ne5 h6 21. Nc6 Kh7 22. Kf1 Nd5 23. e4 Nb6 24. Ne5 f6 25. Rc6 Na4 26. Nd7 Rfe8 27. Rdd6 a5 28. bxa5 Rxa5 29. Rxe6 Rxe6 30. Nf8+ Kg8 31. Nxe6 Nb2 32. Rc7 g5 33. Nd4 Nc4 34. Nxb5 Nd2+ 35. Ke2 Nxe4 36. f3 Rxb5 37. fxe4 Rb2+ 38. Kf3 Rb3+ 39. Kg4 Rxa3 40. Kf5 Ra2 41. Kxf6 Rxg2 42. Kg6 Kf8 43. Kxh6 Rxh2+ 44. Kxg5 Ke8 45. Kf5 Rh6 46. Ke5 Ra6 47. Rb7 Rh6 48. Kd5 Rg6 49. e5 Rh6 50. Ra7 Rg6 51. Ra8+ Ke7 52. Rh8 Ra6 53. Rh7+ Ke8 54. Ke4 Rb6 55. Kf5 Ra6 56. Rh8+ Ke7 57. Rb8 Rc6 58. Rb5 Rh6 59. Ke4 Rh1 60. Rb7+ 1/2-1/2

[Event "POL-chT3 Dolnoslaskie 1718"]
[Site "Poland"]
[Date "2017.11.19"]
[Round "4.11"]
[White "Dowgird, Filip"]
[Black "Pyka, Roman"]
[Result "1-0"]
[WhiteElo "2259"]
[BlackElo "1957"]
[PlyCount "97"]
[EventDate "2017.10.08"]
[EventType "team-tourn"]
[EventRounds "11"]
[EventCountry "POL"]
[SourceTitle "EXT 2019"]
[Source "ChessBase"]
[SourceDate "2018.10.10"]
[SourceVersion "1"]
[SourceVersionDate "2018.10.10"]
[SourceQuality "1"]

1. Nf3 Nf6 2. g3 d5 3. Bg2 Bf5 4. d3 c6 5. 0-0 e6 6. Nbd2 h6 7. b3 Nbd7 8. Bb2 Bc5 9. a3 0-0 10. Qe1 Qc7 11. e4 Bh7 12. e5 Ne8 13. Qe2 a5 14. c4 dxc4 15. bxc4 Qb6 16. Bc3 Be7 17. Rfb1 Qc7 18. Ne4 Nc5 19. Nxc5 Bxc5 20. a4 Rd8 21. Rd1 Bb4 22. Bb2 Qe7 23. d4 Nc7 24. Ne1 Rd7 25. Nc2 Bxc2 26. Qxc2 Rfd8 27. Qb3 Kf8 28. Rd3 Kg8 29. Rad1 Kf8 30. h4 Kg8 31. Kh2 Kf8 32. f4 Kg8 33. Qc2 Kf8 34. Qe2 Na6 35. Qe4 Kg8 36. Bh3 g6 37. h5 Kg7 38. Qe2 Nc7 39. Qf3 Kh7 40. g4 Rg8 41. f5 gxh5 42. f6 Qf8 43. gxh5 Qb8 44. Bc1 Bf8 45. Qe4+ Kh8 46. Rb3 Ne8 47. Bf4 Qd8 48. Bf1 Rg4 49. Bd3 1-0

[Event "POL-chT3 Dolnoslaskie 1718"]
[Site "Poland"]
[Date "2017.10.22"]
[Round "2.7"]
[White "Pyka, Roman"]
[Black "Bes, Michal"]
[Result "1/2-1/2"]
[WhiteElo "1957"]
[BlackElo "2090"]
[PlyCount "92"]
[EventDate "2017.10.08"]
[EventType "team-tourn"]
[EventRounds "11"]
[EventCountry "POL"]
[SourceTitle "EXT 2019"]
[Source "ChessBase"]
[SourceDate "2018.10.10"]
[SourceVersion "1"]
[SourceVersionDate "2018.10.10"]
[SourceQuality "1"]

1. d4 d5 2. Nf3 Nf6 3. c4 e6 4. Nc3 c5 5. cxd5 Nxd5 6. e4 Nxc3 7. bxc3 cxd4 8. cxd4 Bb4+ 9. Bd2 Bxd2+ 10. Qxd2 0-0 11. Bc4 b6 12. 0-0 Bb7 13. Rfe1 Nd7 14. Rad1 Rc8 15. Bb3 Nf6 16. Ng5 Re8 17. f3 h6 18. Nh3 b5 19. Nf2 e5 20. dxe5 Qxd2 21. Rxd2 Rxe5 22. f4 Rec5 23. e5 Nd5 24. Nd3 R5c7 25. e6 fxe6 26. Rxe6 Kh7 27. Bxd5 Bxd5 28. Rd6 Be4 29. Kf2 Rc2 30. Ne5 b4 31. g3 a5 32. Ke3 Rxd2 33. Rxd2 Rc2 34. Rxc2 Bxc2 35. Nc6 Bb1 36. Kd4 Bxa2 37. Nxa5 Be6 38. Nc6 b3 39. Kc3 Kg6 40. Nd4 Bd5 41. Kb2 h5 42. Kc3 Kf6 43. h4 Kg6 44. Kb2 Kf6 45. Kc3 Bf7 46. Kb2 Bd5 1/2-1/2

[Event "POL-chT3 Dolnoslaskie 1415"]
[Site "Poland"]
[Date "2014.11.23"]
[Round "3.19"]
[White "Holownia, Michal"]
[Black "Pyka, Roman"]
[Result "0-1"]
[WhiteElo "1645"]
[BlackElo "2049"]
[PlyCount "60"]
[EventDate "2014.10.26"]
[EventType "team-tourn"]
[EventRounds "11"]
[EventCountry "POL"]
[SourceTitle "EXT 2018"]
[Source "ChessBase"]
[SourceDate "2017.10.13"]
[SourceVersion "1"]
[SourceVersionDate "2017.10.13"]
[SourceQuality "1"]
[WhiteTeam "Wroclaw MUKS MDK Srodmiescie"]
[BlackTeam "Radkow Giecek"]
[WhiteTeamCountry "POL"]
[BlackTeamCountry "POL"]

1. e4 d5 2. exd5 Nf6 3. d4 Nxd5 4. c4 Nb6 5. Nf3 g6 6. Be3 Bg7 7. Nc3 0-0 8. Be2 Bg4 9. h3 Bxf3 10. Bxf3 Nc6 11. Bxc6 bxc6 12. Qd3 e5 13. d5 e4 14. Nxe4 cxd5 15. cxd5 Qxd5 16. Qxd5 Nxd5 17. Rb1 Rfe8 18. Nc3 Nxe3 19. fxe3 Bxc3+ 20. bxc3 Rxe3+ 21. Kd2 Rg3 22. Rhg1 Rd8+ 23. Kc2 Rdd3 24. Rb3 Kf8 25. Re1 Rd5 26. Re2 Rc5 27. Kb2 a5 28. c4 Rgg5 29. Rc3 h5 30. Kb3 Rgf5 0-1

[Event "Polanica Zdroj op-B 41st"]
[Site "Polanica Zdroj"]
[Date "2005.08.28"]
[Round "10"]
[White "Matuszewski, Michal"]
[Black "Pyka, Roman"]
[Result "0-1"]
[WhiteElo "1999"]
[BlackElo "2128"]
[PlyCount "42"]
[EventDate "2005.08.19"]
[EventType "swiss"]
[EventRounds "10"]
[EventCountry "POL"]
[SourceTitle "CBM 108 Extra"]
[Source "ChessBase"]
[SourceDate "2005.11.04"]
[SourceVersion "1"]
[SourceVersionDate "2005.11.04"]
[SourceQuality "1"]

1. e4 d5 2. exd5 Nf6 3. d4 Nxd5 4. c4 Nb6 5. Nc3 e5 6. Be3 exd4 7. Qxd4 Qxd4 8. Bxd4 Nc6 9. Nf3 Bg4 10. Bxb6 axb6 11. 0-0-0 Bxf3 12. gxf3 Bd6 13. Re1+ Kd8 14. Kb1 Re8 15. Bh3 Rxe1+ 16. Rxe1 Bxh2 17. Nd5 Be5 18. f4 Bd6 19. Rg1 g6 20. Rc1 Ne7 21. Nf6 Bxf4 0-1

[Event "Nachod op 0405"]
[Site "Nachod"]
[Date "2004.??.??"]
[Round "2"]
[White "Horak, Jiri"]
[Black "Pyka, Roman"]
[Result "1/2-1/2"]
[WhiteElo "2290"]
[BlackElo "2130"]
[PlyCount "115"]
[EventDate "2004.12.??"]
[EventType "swiss"]
[EventRounds "9"]
[EventCountry "CZE"]
[SourceTitle "EXT 2007"]
[Source "ChessBase"]
[SourceDate "2006.11.23"]
[SourceVersion "1"]
[SourceVersionDate "2006.11.23"]
[SourceQuality "1"]

1. e4 e6 2. d4 d5 3. Nd2 dxe4 4. Nxe4 Bd7 5. Nf3 Bc6 6. Bd3 Nd7 7. 0-0 Ngf6 8. Neg5 Bd6 9. Re1 0-0 10. Ne5 Nb8 11. Qe2 h6 12. Ngf3 b6 13. Nxc6 Nxc6 14. c3 Ne7 15. Ne5 c5 16. Ng4 Nxg4 17. Qxg4 Nf5 18. Bxf5 exf5 19. Qxf5 cxd4 20. Qg4 dxc3 21. Bxh6 Qf6 22. Bg5 Qg6 23. bxc3 Rac8 24. h4 Rc5 25. Rad1 Rfc8 26. Qd7 Bf8 27. Re8 Qc6 28. Rxc8 Qxc8 29. Qxa7 Rxc3 30. Qxb6 f6 31. Be3 Qc4 32. Qd4 Qxd4 33. Rxd4 Kh7 34. g3 Bc5 35. Re4 Bd6 36. Kg2 Ra3 37. Re6 Be5 38. Re7 Rxa2 39. h5 Rc2 40. h6 Rc7 41. Rxg7+ Rxg7 42. hxg7 Kxg7 43. Kf3 Kg6 44. Ke4 Bc3 45. Bd4 f5+ 46. Ke5 Be1 47. Be3 Bc3+ 48. Ke6 Bb4 49. Bb6 Bd2 50. f3 Bc1 51. f4 Bb2 52. Bc7 Ba3 53. Bd6 Bb2 54. Be5 Ba3 55. g4 fxg4 56. f5+ Kh5 57. f6 Kh4 58. Bd6 1/2-1/2

[Event "Nachod op 0405"]
[Site "Nachod"]
[Date "2004.??.??"]
[Round "4"]
[White "Pyka, Roman"]
[Black "Hradecky, Ivo"]
[Result "1-0"]
[WhiteElo "2130"]
[BlackElo "2095"]
[PlyCount "59"]
[EventDate "2004.12.??"]
[EventType "swiss"]
[EventRounds "9"]
[EventCountry "CZE"]
[SourceTitle "EXT 2007"]
[Source "ChessBase"]
[SourceDate "2006.11.23"]
[SourceVersion "1"]
[SourceVersionDate "2006.11.23"]
[SourceQuality "1"]

1. Nf3 Nf6 2. c4 e6 3. Nc3 c5 4. g3 b6 5. Bg2 Bb7 6. 0-0 Be7 7. b3 d6 8. Bb2 Nbd7 9. d4 cxd4 10. Nxd4 Bxg2 11. Kxg2 Qc7 12. e4 a6 13. f3 0-0 14. Rc1 Rac8 15. Re1 Rfe8 16. Re2 Qb7 17. Qd2 Bf8 18. Nd1 Nc5 19. Nf2 Red8 20. h3 b5 21. Ng4 Nfxe4 22. fxe4 Nxe4 23. Qf4 Nc3+ 24. Kf2 e5 25. Nh6+ gxh6 26. Qg4+ Kh8 27. Bxc3 h5 28. Qf3 Qa7 29. Qe3 Bh6 30. Qxh6 1-0

[Event "Polanica Zdroj op"]
[Site "Polanica Zdroj"]
[Date "2001.08.24"]
[Round "9"]
[White "Pyka, Roman"]
[Black "Kuziola, Mateusz"]
[Result "1-0"]
[WhiteElo "2167"]
[BlackElo "2099"]
[PlyCount "39"]
[EventDate "2001.08.16"]
[EventType "swiss"]
[EventRounds "10"]
[EventCountry "POL"]
[SourceTitle "EXT 2002"]
[Source "ChessBase"]
[SourceDate "2001.11.25"]
[SourceVersion "1"]
[SourceVersionDate "2001.11.25"]
[SourceQuality "1"]

1. e4 c5 2. b3 Nc6 3. Bb2 e5 4. Nf3 d6 5. Bb5 Bd7 6. 0-0 Nf6 7. Nc3 Be7 8. Re1 a6 9. Bf1 0-0 10. h3 h6 11. d3 Be6 12. Ne2 Qc7 13. Ng3 Qd7 14. c3 Ne8 15. d4 exd4 16. cxd4 cxd4 17. Nxd4 Bf6 18. Nxe6 Qxe6 19. Bc4 Qd7 20. e5 1-0